Informe anual del rector 2012-2013 /
Uloženo v:
| Korporativní autor: | |
|---|---|
| Médium: | Kniha |
| Jazyk: | Spanish |
| Vydáno: |
San José, Costa Rica :
Oficina de Publicaciones de la Universidad de Costa Rica,
2013.
|
| Témata: | |
| Tagy: |
Přidat tag
Žádné tagy, Buďte první, kdo vytvoří štítek k tomuto záznamu!
|
MARC
| LEADER | 00000nam a2200000 4500 | ||
|---|---|---|---|
| 008 | 140703s2013 cr ar|nf y|||a000 b spa d | ||
| 022 | |a 2215-3691 | ||
| 040 | 0 | |a cru CIICLA Universidad de Costa Rica |b español | |
| 082 | 0 | 4 | |a 378 |b I |
| 110 | 1 | |a Universidad de Costa Rica. |b Rectoría | |
| 245 | 1 | 0 | |a Informe anual del rector 2012-2013 / |c Universidad de Costa Rica. Rectoría |
| 246 | 1 | 2 | |a Informe del rector |
| 246 | 1 | 2 | |a Informe de la rectora |
| 260 | 1 | |a San José, Costa Rica : |b Oficina de Publicaciones de la Universidad de Costa Rica, |c 2013. | |
| 300 | |a 362 páginas |b ilustraciones color, mapas a color | ||
| 310 | |a Anual | ||
| 362 | 1 | |a Volumen 1, Número 1, Junio 2013 | |
| 500 | |a El título varía ligeramente en algunas emisiones--El editor varía a SIEDIN a partir del año 2002 A partir del informe 2012-2013 la numeración cambia a volumen y número | ||
| 610 | 1 | 7 | |a UNIVERSIDAD DE COSTA RICA |v PUBLICACIONES PERIODICAS |
| 942 | |2 ddc |c CR | ||
| 999 | |c 3341 |d 3341 | ||
